| 000 | 00581nam a22001697a 4500 | ||
|---|---|---|---|
| 999 |
_c60491 _d60491 |
||
| 005 | 20230807163434.0 | ||
| 008 | 230807s1969 enk||||| |||| 00| 0 eng d | ||
| 041 | _aeng | ||
| 080 | _a94 H-20 | ||
| 100 |
_aHamlyn, Paul _919619 |
||
| 245 |
_aThe life and times of Caesar / _cPaul Hamlyn; editor Enzo Orlandi; translator Rosemary Best. |
||
| 300 |
_a75 p. ; _b30 cm. |
||
| 653 | _aკეისრის ცხოვრება | ||
| 700 |
_aOrlandi, Enzo _eრედაქტორი _919620 |
||
| 700 |
_aBest, Rosemary _eმთარგმნელი _919621 |
||
| 942 |
_2udc _cBK |
||